00500cam a2200145 4500001001100000008004100011035001500052050002000067100003300087245011000120260006900230300002100299440001900320500001500339BIIH004885 1998 a spa  aBIIH004885 4aHC143bV53 19981 aViales Hurtado, Ronny José 0aDespués del enclave : un estudio de la región Atlántica Costarricense /cRonny Jose Viales Hurtado. aSan José, Costa Rica :bDe la Universidad de Costa Rica,c1998 a220 p. ;c21 cm. 0aNueva Historia a1 ejemplar